000 01403cam a2200169 4500500
005 20260208010652.0
041 _afre
042 _adc
100 1 0 _aChauvier, Stéphane
_eauthor
245 0 0 _aSerge Audier, La pensée anti-68. Essai sur les origines d’une restauration intellectuelle, Paris, La découverte, 2008, 380 P.
260 _c2009.
500 _a90
520 _aL’ « année » durkheimienne 2008En 2008, le 150e anniversaire de la naissance de Durkheim a été l’occasion de publications assez abondantes, parfois décevantes. On passe ici en revue des ouvrages parus en 2008 ou peu avant : cinq rééditions et une traduction de textes de Durkheim, une biographie monumentale et touffue, trois recueils d’essais.
520 _aL’ « année » durkheimienne 2008In 2008, the 150th anniversary of Durkheim’s birth was the occasion for the publication of a good number of books, sometimes rather disappointing. We offer here brief reviews of works published in 2008, or a little before. These include five new editions of texts by Durkheim himself, as well as one translation, a dense and monumental biography, and three collections of essays.
786 0 _nRevue philosophique de la France et de l'étranger | 134 | 2 | 2009-05-22 | p. 237g-280g | 0035-3833
856 4 1 _uhttps://shs.cairn.info/revue-philosophique-2009-2-page-237g?lang=fr&redirect-ssocas=7080
999 _c1657638
_d1657638